[Event "II Open Novotel A"]
[Site "Genova ITA"]
[Date "1998.08.??"]
[Round "9"]
[White "Di Paolo, Raffaele"]
[Black "Mollero, Michele"]
[Result "1-0"]
[WhiteElo "2270"]
[BlackElo "2160"]
[PlyCount "140"]
[EventDate "1998.08.10"]

1. e4 c6 2. Nc3 d5 3. Qf3 d4 4. Bc4 e6 5. Nce2 c5 6. Qg3 Nc6 7. d3 Nge7 8. Nf3
b5 9. Bb3 Ng6 10. Ng5 Na5 11. f4 Nxb3 12. axb3 Be7 13. h4 h6 14. Nf3 h5 15. Ng5
a5 16. Qf3 Ra6 17. e5 Qc7 18. Ng3 Bb7 19. Qe2 c4 20. dxc4 bxc4 21. bxc4 Bb4+
22. Kf1 Be7 23. Nxh5 Kf8 24. Rh2 a4 25. g4 Qc6 26. f5 Bxg5 27. Bxg5 exf5 28.
gxf5 Nxe5 29. Qxe5 Rxh5 30. Qxd4 Kg8 31. Qd3 f6 32. Bd2 Qc5 33. Rf2 Rxh4 34.
Be3 Qc6 35. Rd1 Ra8 36. Ke1 Re8 37. Kd2 Rh3 38. Re1 Kh7 39. Kc1 Qc7 40. c5 Qxc5
41. Bxc5 Rxe1+ 42. Kd2 Rxd3+ 43. Kxd3 Ba6+ 44. c4 Rd1+ 45. Kc2 Rd7 46. Kc3 Rc7
47. Kd4 Rd7+ 48. Kc3 Rc7 49. Kb4 Rb7+ 50. Kxa4 Bxc4 51. b4 Kg8 52. Rf3 Kf7 53.
Rc3 Be2 54. Bd4 Bf1 55. Rc5 Ra7+ 56. Kb3 Rb7 57. Ra5 g6 58. Ka4 Bd3 59. fxg6+
Kxg6 60. Rd5 Be2 61. Rd6 Kg5 62. Bxf6+ Kf5 63. Bd4 Bc4 64. Bb6 Be2 65. Ka5 Kg5
66. b5 Bxb5 67. Kxb5 Kf5 68. Kc6 Re7 69. Kd5 Re5+ 70. Kd4 Re4+ 1-0

[Event "II Open Novotel A"]
[Site "Genova ITA"]
[Date "1998.08.??"]
[Round "9"]
[White "Godena, Michele"]
[Black "Vujovic, Milorad"]
[Result "1-0"]
[WhiteElo "2510"]
[BlackElo "2275"]
[PlyCount "91"]
[EventDate "1998.08.10"]

1. e4 c5 2. c3 d6 3. d4 Nf6 4. Bd3 cxd4 5. cxd4 g6 6. h3 Bg7 7. Nf3 O-O 8. O-O
Nc6 9. Nc3 b6 10. Be3 Bb7 11. Rc1 Rc8 12. a3 Na5 13. Nd2 a6 14. b4 Nc6 15. Nb3
Nb8 16. Nd2 Nc6 17. Nb3 Nb8 18. Re1 Rxc3 19. Rxc3 Bxe4 20. Bxe4 Nxe4 21. Rc1
Qd7 22. d5 Nc3 23. Qd3 Na4 24. Bd4 Bh6 25. Be3 Bg7 26. Bd4 Bh6 27. Rc2 Re8 28.
Be3 Bg7 29. Bd4 Bh6 30. Ba1 e5 31. dxe6 fxe6 32. Rd1 Rd8 33. Bf6 Rf8 34. Ba1
Rd8 35. Bf6 Rf8 36. Be5 d5 37. Rc7 Qe8 38. Qc2 Nd7 39. Bd6 Bg7 40. Bxf8 Nxf8
41. Nd4 b5 42. Rb7 Qd8 43. Rd3 Qf6 44. Qc7 Qe5 45. Qf7+ Kh8 46. Rf3 1-0

[Event "II Open Novotel A"]
[Site "Genova ITA"]
[Date "1998.08.??"]
[Round "9"]
[White "Loncar, Robert"]
[Black "Siemes, Robert"]
[Result "1-0"]
[WhiteElo "2410"]
[BlackElo "2135"]
[PlyCount "44"]
[EventDate "1998.08.10"]

1. d4 Nf6 2. c4 g6 3. Nc3 Bg7 4. Bg5 O-O 5. e3 d6 6. Bd3 Na6 7. Nge2 c5 8. d5
Nc7 9. e4 a6 10. a4 Ng4 11. O-O Ne8 12. b3 Nef6 13. a5 h6 14. Bd2 Ne8 15. Bc2
Nef6 16. Ng3 Re8 17. f4 e6 18. dxe6 Rxe6 19. e5 dxe5 20. f5 Rd6 21. fxg6 fxg6
22. Qe2 Nh7 1-0

[Event "II Open Novotel A"]
[Site "Genova ITA"]
[Date "1998.08.??"]
[Round "9"]
[White "Sislian, Hanno"]
[Black "Efimov, Igor"]
[Result "0-1"]
[WhiteElo "2250"]
[BlackElo "2530"]
[PlyCount "54"]
[EventDate "1998.08.10"]

1. e4 c5 2. Nc3 e6 3. Nge2 a6 4. g3 b5 5. Bg2 Bb7 6. O-O Ne7 7. d4 cxd4 8. Nxd4
Nbc6 9. Nxc6 Nxc6 10. Bf4 d6 11. a4 b4 12. Na2 a5 13. c4 Be7 14. b3 Bf6 15. Rb1
Bd4 16. Nc1 g5 17. Ne2 Bc5 18. Be3 Bxe3 19. fxe3 Ne5 20. Nd4 h5 21. Nb5 Ke7 22.
Qd4 Bc6 23. Rfd1 Bxb5 24. c5 Bd3 25. Rxd3 Nxd3 26. Qxd3 dxc5 27. Qc4 Qd6 0-1

[Event "II Open Novotel A"]
[Site "Genova ITA"]
[Date "1998.08.??"]
[Round "9"]
[White "Wall, Gavin"]
[Black "Gofshtein, Leonid D."]
[Result "1-0"]
[WhiteElo "2355"]
[BlackElo "2500"]
[PlyCount "89"]
[EventDate "1998.08.10"]

1. e4 c5 2. Nf3 e6 3. b3 b6 4. c4 Bb7 5. Nc3 Nf6 6. e5 Ng4 7. h3 Nh6 8. Bd3 f5
9. Bb2 Nf7 10. Qe2 Be7 11. O-O-O O-O 12. Bc2 Bxf3 13. gxf3 Nc6 14. f4 d6 15.
exd6 Nd4 16. Qe3 Bxd6 17. Ne2 e5 18. fxe5 Bxe5 19. Nxd4 Bxd4 20. Bxd4 cxd4 21.
Qg3 Qf6 22. Rde1 Rad8 23. f4 Rd7 24. d3 Nd8 25. Bd1 Ne6 26. Bf3 Qh6 27. Bd5
Rxd5 28. cxd5 Nxf4 29. Kb2 Nxd5 30. Qg2 Ne3 31. Qf3 Qd6 32. a3 Qc5 33. Rc1 Qb5
34. Rhg1 Qe5 35. Qb7 g6 36. Qxa7 Qh2+ 37. Kb1 Qd2 38. Qxb6 Qxd3+ 39. Kb2 Qe4
40. Rxg6+ hxg6 41. Qxg6+ Kh8 42. Qh6+ Kg8 43. Rg1+ Ng4 44. Qg6+ Kh8 45. hxg4
1-0

[Event "II Open Novotel A"]
[Site "Genova ITA"]
[Date "1998.08.??"]
[Round "10"]
[White "Efimov, Igor"]
[Black "Wall, Gavin"]
[Result "1-0"]
[WhiteElo "2530"]
[BlackElo "2355"]
[PlyCount "123"]
[EventDate "1998.08.10"]

1. d4 f5 2. g3 Nf6 3. Bg2 g6 4. c4 Bg7 5. Nf3 O-O 6. b4 d6 7. Bb2 Qe8 8. Qb3 a5
9. a3 axb4 10. axb4 Rxa1 11. Bxa1 e5 12. dxe5 Ng4 13. O-O Nxe5 14. Nbd2 Nbc6
15. e3 h6 16. Nd4 Kh7 17. Nb5 Rf7 18. h3 Re7 19. f4 Nf7 20. Bxg7 Kxg7 21. Kf2
Kh7 22. Qc3 Nb8 23. Nb3 Na6 24. Na7 c5 25. b5 Nb4 26. Na5 Be6 27. b6 d5 28. Nb5
Qd8 29. Qf6 dxc4 30. Kg1 Nd5 31. Bxd5 Bxd5 32. Nc7 Be4 33. Nxc4 Rd7 34. Qxd8
Nxd8 35. Rc1 Rd3 36. Ne8 Bc6 37. Nc7 Rb3 38. Kf2 Rb4 39. g4 fxg4 40. hxg4 Nf7
41. Kg3 Ra4 42. Rc2 Ra1 43. Kf2 h5 44. gxh5 gxh5 45. Nd2 Kh6 46. Ne6 Ra6 47.
Rxc5 Rxb6 48. Rf5 Nh8 49. Rf6+ Kh7 50. Nc4 Rb4 51. Ne5 Rb2+ 52. Kg3 Bh1 53. f5
Re2 54. Kf4 b5 55. Rf8 Bd5 56. Rd8 Rf2+ 57. Kg5 Rg2+ 58. Kxh5 Bb3 59. Ng4 Bxe6
60. fxe6 Ng6 61. Rd7+ Kh8 62. Kh6 1-0

[Event "II Open Novotel A"]
[Site "Genova ITA"]
[Date "1998.08.??"]
[Round "10"]
[White "Gofshtein, Leonid D."]
[Black "Griffa, Roberto"]
[Result "1-0"]
[WhiteElo "2500"]
[BlackElo "2070"]
[PlyCount "40"]
[EventDate "1998.08.10"]

1. d4 Nc6 2. Nf3 d5 3. c4 Bg4 4. cxd5 Bxf3 5. gxf3 Qxd5 6. e3 e6 7. Nc3 Qh5 8.
Bd2 Nge7 9. Be2 Qh4 10. Qb3 O-O-O 11. Rc1 Nf5 12. Ne4 Nfxd4 13. exd4 Rxd4 14.
a3 Rd5 15. Be3 f5 16. Nc3 Re5 17. Nb5 Kb8 18. Rxc6 Rxe3 19. Qxe3 Bb4+ 20. axb4
Qxb4+ 1-0

[Event "II Open Novotel A"]
[Site "Genova ITA"]
[Date "1998.08.??"]
[Round "10"]
[White "Vujovic, Milorad"]
[Black "Quinn, Mark Peter"]
[Result "0-1"]
[WhiteElo "2275"]
[BlackElo "2350"]
[PlyCount "124"]
[EventDate "1998.08.10"]

1. e4 c5 2. Nf3 d6 3. d4 Nf6 4. Nc3 cxd4 5. Nxd4 a6 6. a4 e6 7. a5 Be7 8. Nb3
b5 9. axb6 Qxb6 10. Be2 Nc6 11. Be3 Qc7 12. f4 O-O 13. Bf3 Rb8 14. Qd2 Nb4 15.
O-O Rd8 16. Rfd1 Bb7 17. Qf2 Ba8 18. Ba7 Rb7 19. Bd4 e5 20. Be3 Rbb8 21. Rd2
Rdc8 22. Na5 Nc6 23. Nc4 exf4 24. Bb6 Qb7 25. Na4 Ne5 26. Nxe5 dxe5 27. Ba7
Nxe4 28. Bxb8 Qxb8 29. Bxe4 Bxe4 30. Kh1 f5 31. Nb6 Bc5 32. Nxc8 Bxf2 33. Rd8+
Kf7 34. Nd6+ Qxd6 35. Rxd6 f3 36. Rg1 a5 37. h3 Bc5 38. Rd7+ Kf6 39. gxf3 Bxf3+
40. Kh2 g6 41. Ra1 e4 42. Rxa5 Bf2 43. Ra6+ Kg5 44. Rxh7 e3 45. Re7 e2 46. Rae6
Be4 47. Rxe4 fxe4 48. Rxe4 e1=Q 49. Rxe1 Bxe1 50. c4 Bb4 51. Kg3 Bd6+ 52. Kf3
Kh4 53. Ke4 Kxh3 54. Kd5 Bb8 55. b4 g5 56. c5 g4 57. b5 g3 58. c6 g2 59. b6
g1=Q 60. c7 Qg8+ 61. Kc6 Qc8 62. Kd6 Kg4 0-1

[Event "II Open Novotel A"]
[Site "Genova ITA"]
[Date "1998.08.??"]
[Round "11"]
[White "Cebalo, Miso"]
[Black "Quinn, Mark Peter"]
[Result "1-0"]
[WhiteElo "2535"]
[BlackElo "2350"]
[PlyCount "81"]
[EventDate "1998.08.10"]

1. d4 Nf6 2. Nf3 e6 3. c4 Nc6 4. a3 d6 5. Nc3 g6 6. e4 Bg7 7. Be2 O-O 8. O-O
Re8 9. d5 exd5 10. cxd5 Ne5 11. Nxe5 Rxe5 12. f3 Re8 13. Bg5 h6 14. Be3 a6 15.
Qd2 Kh7 16. Rac1 Re7 17. Rc2 Qh8 18. Rfc1 Ne8 19. Nd1 Kg8 20. Nf2 b6 21. a4 Bd7
22. b3 Kh7 23. Bd3 a5 24. Bb5 Bxb5 25. axb5 Qf8 26. Rc4 Rd8 27. Nd3 Red7 28.
Qc2 Ra8 29. g4 Qe7 30. Kg2 Nf6 31. Bf2 Ne8 32. h4 Kh8 33. Nf4 Qe5 34. Ne2 f5
35. Bd4 Qe7 36. Nf4 Kh7 37. exf5 Qxh4 38. f6 Nxf6 39. Qxg6+ Kg8 40. Rxc7 Rad8
41. Rxd7 1-0

[Event "II Open Novotel A"]
[Site "Genova ITA"]
[Date "1998.08.??"]
[Round "11"]
[White "Cirabisi, Federico"]
[Black "Loncar, Robert"]
[Result "0-1"]
[WhiteElo "2140"]
[BlackElo "2410"]
[PlyCount "60"]
[EventDate "1998.08.10"]

1. d4 Nf6 2. e3 g6 3. f4 d6 4. Nf3 Bg7 5. Bd3 c5 6. O-O O-O 7. c4 cxd4 8. exd4
Nc6 9. d5 Nb4 10. Nc3 Ng4 11. c5 Nxd3 12. Qxd3 dxc5 13. h3 Nf6 14. Be3 b6 15.
g4 Bb7 16. Rad1 e6 17. f5 Nxd5 18. Bg5 Qc7 19. Ne4 exf5 20. gxf5 Nb4 21. Qd6
Qxd6 22. Nxd6 Bxf3 23. Rxf3 f6 24. Bf4 g5 25. Bg3 Rfd8 26. Re1 Nc2 27. Re7 Bf8
28. Re6 Nd4 29. Rd3 Nxe6 30. fxe6 Bxd6 0-1

[Event "II Open Novotel A"]
[Site "Genova ITA"]
[Date "1998.08.??"]
[Round "11"]
[White "Godena, Michele"]
[Black "Durdevic, Radoslav"]
[Result "1-0"]
[WhiteElo "2510"]
[BlackElo "2130"]
[PlyCount "63"]
[EventDate "1998.08.10"]

1. e4 c6 2. d4 d6 3. Nc3 Nd7 4. a4 g6 5. Nf3 Bg7 6. Bc4 e6 7. a5 Ne7 8. O-O Qc7
9. Bf4 O-O 10. Qd2 Kh8 11. Rfd1 Nf6 12. e5 Ne8 13. Bd3 d5 14. h4 h5 15. Ne2 Qd7
16. Bg5 Nf5 17. Nf4 Kg8 18. Bxf5 exf5 19. e6 fxe6 20. Nxg6 Rf7 21. Nge5 Qc7 22.
Nxf7 Kxf7 23. Re1 Kg8 24. Ra3 Nd6 25. Bf4 Bd7 26. Be5 Bxe5 27. Nxe5 Be8 28.
Rg3+ Kf8 29. Qh6+ Ke7 30. Rg7+ Bf7 31. Nxf7 Nxf7 32. Rxe6+ 1-0

[Event "II Open Novotel A"]
[Site "Genova ITA"]
[Date "1998.08.??"]
[Round "11"]
[White "Gofshtein, Leonid D."]
[Black "Efimov, Igor"]
[Result "1/2-1/2"]
[WhiteElo "2500"]
[BlackElo "2530"]
[PlyCount "112"]
[EventDate "1998.08.10"]

1. d4 e6 2. e4 d5 3. Nc3 Be7 4. e5 c5 5. Qg4 Kf8 6. dxc5 Nc6 7. Nf3 Bxc5 8. Bd3
Nge7 9. O-O Nb4 10. Be3 Nxd3 11. cxd3 Bb6 12. Ne2 Bd7 13. Ng3 h6 14. h4 a5 15.
Rac1 Ra6 16. Nd4 Ng6 17. Nf3 Bc7 18. Nh5 Rh7 19. Bc5+ Kg8 20. Rfe1 Rc6 21. Nf4
Nxf4 22. Qxf4 f6 23. Qe3 Rh8 24. Nd4 fxe5 25. Nxc6 Bxc6 26. Qh3 Qf6 27. d4 e4
28. f3 Kh7 29. fxe4 dxe4 30. Rf1 Qg6 31. h5 Qg5 32. Rc3 Bd5 33. Rf7 Bb8 34. Be7
Qd2 35. Qg4 Qxd4+ 36. Kh1 Rg8 37. Bf6 Qxf6 38. Rxf6 gxf6 39. Qxg8+ Kxg8 40.
Rc8+ Kg7 41. Rxb8 a4 42. Kg1 f5 43. g3 e3 44. Rc8 Bxa2 45. Rc7+ Kf6 46. Rxb7
Kg5 47. Rb4 Bb3 48. Kg2 Bd1 49. Rd4 e2 50. Kf2 Kxh5 51. Rd6 Bb3 52. Kxe2 Kg5
53. Rd7 h5 54. Rg7+ Kf6 55. Rh7 Kg6 56. Re7 Kf6 1/2-1/2

[Event "VII Festival Magistrale"]
[Site "Montecatini Terme ITA"]
[Date "1998.08.01"]
[Round "1"]
[White "Aleksic, Nenad"]
[Black "Lebel, Patrick"]
[Result "0-1"]
[WhiteElo "2445"]
[BlackElo "2165"]
[PlyCount "78"]
[EventDate "1998.08.01"]

1.e4 e6 2.Nf3 d5 3.Nc3 Bb4 4.e5 Ne7 5.Ne2 Ng6 6.c3 Be7 7.d4 b6 8.Nf4 Nxf4 
9.Bxf4 Qd7 10.h4 c5 11.h5 h6 12.Rh3 Ba6 13.Bxa6 Nxa6 14.Rg3 Bf8 15.Qe2 Nc7
16.a4 c4 17.Nd2 a6 18.Kf1 b5 19.axb5 axb5 20.Rxa8+ Nxa8 21.Kg1 Qa7 22.b3 
Nb6 23.bxc4 bxc4 24.Qd1 Qa2 25.Nf1 Na4 26.Bd2 Qb3 27.Qg4 Qb1 28.Re3 g6 29.
hxg6 Qxg6 30.Qd1 Nb6 31.Rg3 Qh7 32.Qa1 Be7 33.Qa6 Bd8 34.Qb5+ Nd7 35.Ne3 
h5 36.Bc1 Rg8 37.Rf3 Qd3 38.Ba3 Rg7 39.Nf5 Qxf3 0-1

[Event "VII Festival Magistrale"]
[Site "Montecatini Terme ITA"]
[Date "1998.08.01"]
[Round "1"]
[White "Baccaro, Franco"]
[Black "Valori, Vincenzo"]
[Result "1-0"]
[WhiteElo "2215"]
[BlackElo "1902"]
[PlyCount "86"]
[EventDate "1998.08.01"]

1.d4 Nf6 2.Nf3 c5 3.d5 e6 4.Nc3 d6 5.e4 e5 6.Be2 Be7 7.a4 a6 8.Nd2 Nbd7 9.
a5 Nf8 10.Nc4 Bd7 11.f4 Ng6 12.fxe5 Nxe5 13.Nxe5 dxe5 14.d6 Bf8 15.Bg5 Bc6
16.O-O Bxd6 17.Bxf6 gxf6 18.Bc4 Qe7 19.Qg4 Rd8 20.Qg7 Kd7 21.Qxf6 Rdg8 22.
Qh6 Rg6 23.Qh3+ Kd8 24.Rxf7 Qg5 25.Rd1 Rhg8 26.Rf2 R8g7 27.Rfd2 Kc7 28.Be6
Rh6 29.Qf5 Qh4 30.g3 Rf6 31.Qh3 Qxh3 32.Bxh3 c4 33.Nd5+ Bxd5 34.Rxd5 Kc6 
35.Bf5 Bc5+ 36.Kg2 Re7 37.g4 Rd6 38.Rxd6+ Bxd6 39.g5 Bb8 40.h4 Kb5 41.Rd5+
Kb4 42.h5 c3 43.bxc3+ Kxc3 1-0

[Event "VII Festival Magistrale"]
[Site "Montecatini Terme ITA"]
[Date "1998.08.01"]
[Round "1"]
[White "Barlov, Dragan"]
[Black "Kleibaumhueter, Klaus"]
[Result "1-0"]
[WhiteElo "2495"]
[BlackElo "2185"]
[PlyCount "159"]
[EventDate "1998.08.01"]

1.d4 d5 2.c4 dxc4 3.e3 Nf6 4.Bxc4 e6 5.Nf3 c5 6.O-O a6 7.a4 Nc6 8.Qe2 cxd4
9.Rd1 Be7 10.exd4 O-O 11.Nc3 Nb4 12.Ne5 Bd7 13.Bg5 Bc6 14.a5 Bd5 15.Bxf6 
Bxf6 16.Nxd5 Nxd5 17.Qf3 Rc8 18.Qb3 Rc7 19.g3 Qd6 20.Ng4 Bg5 21.h4 Be7 22.
Bxd5 Qxd5 23.Qxd5 exd5 24.Ne3 Rd8 25.Kf1 g6 26.Ke2 f5 27.Rdc1 Rxc1 28.Rxc1
Rd7 29.Ng2 Bd6 30.Kd3 Kf7 31.Ne3 Bb4 32.Ra1 Ke6 33.Nc2 Bd6 34.b4 Be7 35.f4
Rc7 36.Rb1 b5 37.axb6 Rb7 38.b5 Rxb6 39.bxa6 Rxa6 40.Rb5 Bd6 41.Rb7 h5 42.
Rb5 Ra8 43.Rb6 Kd7 44.Rb7+ Ke6 45.Rg7 Kf6 46.Rh7 Be7 47.Ne3 Ra3+ 48.Ke2 
Ra5 49.Rh8 Ke6 50.Rg8 Kf7 51.Rc8 Ke6 52.Nc2 Rb5 53.Ne1 Rb2+ 54.Ke3 Rb3+ 
55.Nd3 Ra3 56.Rc6+ Bd6 57.Rb6 Kd7 58.Rb2 Ke6 59.Re2 Kf6 60.Rd2 Rb3 61.Kf2 
Bb4 62.Rd1 Ba5 63.Nc5 Rb2+ 64.Kf3 Bc3 65.Nd7+ Ke6 66.Ne5 Kf6 67.Rd3 Bb4 
68.Re3 Bd2 69.Ra3 Bb4 70.Ra6+ Ke7 71.Nxg6+ Ke8 72.Ra8+ Kd7 73.Ne5+ Kc7 74.
Nd3 Rb3 75.Ke2 Bc3 76.Ke3 Be1 77.Rg8 Kd6 78.Rg5 Ke7 79.Ke2 Bc3 80.Rxf5 1-0

[Event "VII Festival Magistrale"]
[Site "Montecatini Terme ITA"]
[Date "1998.08.01"]
[Round "1"]
[White "Barni, Paolo"]
[Black "Pantaleoni, Claudio"]
[Result "1/2-1/2"]
[WhiteElo "1902"]
[BlackElo "2220"]
[PlyCount "53"]
[EventDate "1998.08.01"]

1.e4 c5 2.Nf3 Nc6 3.d4 cxd4 4.Nxd4 g6 5.Nc3 Bg7 6.Be3 Nf6 7.Nxc6 bxc6 8.e5
Ng8 9.f4 f6 10.Bc4 fxe5 11.fxe5 Bxe5 12.O-O Nf6 13.Qe1 d5 14.Rd1 Qc7 15.
Bb3 Bxh2+ 16.Kh1 Qe5 17.Qh4 Bg3 18.Bd4 Bxh4 19.Bxe5 Be6 20.g3 Bg5 21.Rde1 
Kf7 22.Na4 h5 23.Nc5 Bf5 24.c4 Rhd8 25.Nb7 Rd7 26.Nc5 Rdd8 27.Nb7 1/2-1/2

[Event "VII Festival Magistrale"]
[Site "Montecatini Terme ITA"]
[Date "1998.08.01"]
[Round "1"]
[White "Bettalli, Marco"]
[Black "Grosse-Kloenne, Elmar"]
[Result "0-1"]
[WhiteElo "2040"]
[BlackElo "2280"]
[PlyCount "64"]
[EventDate "1998.08.01"]

1.Nf3 Nf6 2.g3 d6 3.Bg2 e5 4.d3 Be7 5.O-O O-O 6.Nbd2 Re8 7.e4 Bf8 8.h3 c6 
9.a4 d5 10.c3 a5 11.Qc2 Na6 12.exd5 cxd5 13.Re1 Bd6 14.Nf1 h6 15.Ne3 Bd7 
16.Bd2 Rc8 17.Nh4 Bc6 18.Nef5 Bf8 19.Nf3 d4 20.c4 Nd7 21.Re2 Qf6 22.g4 Bb4
23.Rae1 Re6 24.b3 Rce8 25.N3h4 Ndc5 26.Bd5 Bxd2 27.Qxd2 Nb4 28.Bxe6 fxe6 
29.Rxe5 Ncxd3 30.Rxa5 Nxe1 31.Qxb4 exf5 32.Nxf5 Nd3 0-1

[Event "VII Festival Magistrale"]
[Site "Montecatini Terme ITA"]
[Date "1998.08.01"]
[Round "1"]
[White "Bocchicchio, Gaetano"]
[Black "Malakhov, Vladimir"]
[Result "1/2-1/2"]
[WhiteElo "2205"]
[BlackElo "2550"]
[PlyCount "93"]
[EventDate "1998.08.01"]

1.d4 d5 2.Nc3 c6 3.f3 e5 4.e4 dxe4 5.dxe5 Qxd1+ 6.Nxd1 exf3 7.Nxf3 Ne7 8.
Bc4 Nd5 9.Ne3 Be6 10.Nxd5 cxd5 11.Bb5+ Nc6 12.Be3 a6 13.Ba4 Be7 14.O-O-O 
O-O 15.Bb6 Bd8 16.Bc5 Re8 17.Bb3 Bc7 18.Bd6 Bxd6 19.exd6 Rad8 20.Bxd5 Rxd6
21.Rhe1 Kf8 22.Bxe6 Rexe6 23.Rxe6 Rxe6 24.Rd7 b5 25.Ng5 Rg6 26.Rxf7+ Ke8 
27.Rc7 Ne7 28.h4 h6 29.Nf3 Rxg2 30.Ra7 Rf2 31.Ne5 Nf5 32.Ng6 Nd6 33.c3 Rg2
34.h5 Rg5 35.Ra8+ Kd7 36.Ra7+ Kd8 37.Nf4 Kc8 38.Rxa6 Kd7 39.Ra7+ Kc6 40.
Re7 Rf5 41.Nd3 Rxh5 42.Nb4+ Kb6 43.Rxg7 Rh2 44.Rg6 Kc7 45.Rg7+ Kb6 46.Rg6 
Kc7 47.Rg7+ 1/2-1/2

[Event "VII Festival Magistrale"]
[Site "Montecatini Terme ITA"]
[Date "1998.08.01"]
[Round "1"]
[White "Bontempi, Piero"]
[Black "Gorelli Fagiolini, Marco"]
[Result "0-1"]
[WhiteElo "1933"]
[BlackElo "2235"]
[PlyCount "82"]
[EventDate "1998.08.01"]

1.e4 d6 2.d4 Nf6 3.Nc3 g6 4.Be3 Bg7 5.f3 O-O 6.Qd2 c6 7.O-O-O b5 8.g4 Qa5 
9.Kb1 b4 10.Nce2 Be6 11.Nc1 c5 12.d5 Bc8 13.Bh6 Nbd7 14.h4 Ne5 15.h5 c4 
16.Bxg7 Kxg7 17.hxg6 fxg6 18.Qh6+ Kg8 19.Be2 c3 20.f4 Nexg4 21.Qh4 h5 22.
Qg5 Kf7 23.e5 Bf5 24.exf6 exf6 25.Qh4 Ne3 26.Rd3 cxb2 27.Nb3 Qc7 28.Nd4 
Nxc2 29.Ne6 Nd4 30.Kxb2 Nxe2 31.Re3 Rfe8 32.Rxe2 Be4 33.Rh3 Bxd5 34.Nd4 
Qc4 35.Qf2 Rxe2+ 36.Ngxe2 Qxa2+ 37.Kc1 Rc8+ 38.Kd1 b3 39.Qe3 b2 40.Ke1 
b1=Q+ 41.Kf2 Qe4 0-1

[Event "VII Festival Magistrale"]
[Site "Montecatini Terme ITA"]
[Date "1998.08.01"]
[Round "1"]
[White "Brumen, Dinko"]
[Black "Ori, Marco"]
[Result "1-0"]
[WhiteElo "2355"]
[BlackElo "2090"]
[PlyCount "57"]
[EventDate "1998.08.01"]

1.d4 Nf6 2.Bg5 e6 3.e4 h6 4.Bxf6 Qxf6 5.Nc3 Bb4 6.e5 Qe7 7.Qg4 Bxc3+ 8.
bxc3 O-O 9.Bd3 f5 10.exf6 Qxf6 11.Nf3 Nc6 12.O-O d6 13.Qe4 Bd7 14.Rab1 
Rab8 15.Rb5 b6 16.Rh5 Ne7 17.Qh7+ Kf7 18.Nd2 Rh8 19.Qe4 Bc6 20.Qg4 g6 21.
Rh3 h5 22.Qd1 Qf4 23.Re1 Nf5 24.Be4 d5 25.Bxf5 exf5 26.Nf3 Bb5 27.Rg3 Rbg8
28.Ng5+ Kg7 29.Ne6+ 1-0

[Event "VII Festival Magistrale"]
[Site "Montecatini Terme ITA"]
[Date "1998.08.01"]
[Round "1"]
[White "Cacco, Christian"]
[Black "Sax, Gyula"]
[Result "0-1"]
[WhiteElo "2190"]
[BlackElo "2525"]
[PlyCount "37"]
[EventDate "1998.08.01"]

1.d4 Nf6 2.Nf3 e6 3.Bg5 h6 4.Bh4 c5 5.e3 cxd4 6.exd4 Qb6 7.Nbd2 Qxb2 8.Bc4
Nc6 9.Rb1 Qc3 10.Rb3 Qa5 11.Rb5 Qc7 12.d5 Na5 13.Bg3 d6 14.Qe2 Nxc4 15.
Nxc4 Bd7 16.Nd4 Rc8 17.dxe6 Bxb5 18.exf7+ Kd7 19.Qe8+ 0-1

[Event "VII Festival Magistrale"]
[Site "Montecatini Terme ITA"]
[Date "1998.08.01"]
[Round "1"]
[White "Castrogiovanni, Carlo"]
[Black "Contin, Daniel"]
[Result "1-0"]
[WhiteElo "2045"]
[BlackElo "2340"]
[PlyCount "95"]
[EventDate "1998.08.01"]

1.Nf3 c5 2.c4 Nf6 3.Nc3 g6 4.g3 Nc6 5.Bg2 Bg7 6.O-O d5 7.d4 dxc4 8.dxc5 
Qa5 9.Nd4 Qxc5 10.Nxc6 bxc6 11.Be3 Qh5 12.Bxc6+ Bd7 13.Bxa8 Ng4 14.h4 Nxe3
15.fxe3 Qg4 16.Bg2 Be5 17.Ne4 O-O 18.Qd5 Bxb2 19.Rab1 c3 20.Qd3 Rc8 21.Qc2
Bc6 22.Rf4 Qe6 23.Rxb2 cxb2 24.Qxb2 f5 25.Nf2 Qxe3 26.Qb3+ Qxb3 27.axb3 
Bb5 28.Nd3 Rc2 29.Kf1 Kg7 30.Bd5 Kf6 31.Rb4 Bxd3 32.exd3 Ke5 33.Bf3 Rd2 
34.Be2 e6 35.Ra4 Rb2 36.Rxa7 Kd4 37.Kf2 Rxb3 38.Rxh7 Rb6 39.Rh6 e5 40.h5 
e4 41.dxe4 fxe4 42.Rxg6 Rb8 43.Rf6 Ke5 44.Rf7 Rg8 45.g4 Rg5 46.h6 Rg8 47.
Kg3 Kd4 48.Kf4 1-0

[Event "VII Festival Magistrale"]
[Site "Montecatini Terme ITA"]
[Date "1998.08.01"]
[Round "1"]
[White "Cetkovic, Sergio"]
[Black "Badea, Bela"]
[Result "0-1"]
[WhiteElo "2195"]
[BlackElo "2530"]
[PlyCount "84"]
[EventDate "1998.08.01"]

1.e4 g6 2.d4 d6 3.Nc3 c6 4.Nf3 Bg7 5.h3 b5 6.a3 a6 7.Be3 Nd7 8.Be2 Qc7 9.
Qd2 Bb7 10.O-O Ngf6 11.Nh2 c5 12.f3 Nh5 13.Nd5 Bxd5 14.exd5 cxd4 15.Bxd4 
Bxd4+ 16.Qxd4 Qb6 17.Rad1 Rc8 18.c3 Nhf6 19.Kh1 Qxd4 20.Rxd4 Nb6 21.Rfd1 
Rc5 22.Ng4 Nfxd5 23.a4 f5 24.a5 fxg4 25.axb6 Nxb6 26.Rxg4 Kd7 27.Ra1 Na4 
28.Ra2 Re5 29.Re4 Rxe4 30.fxe4 Kc7 31.c4 Kb6 32.cxb5 axb5 33.Bf3 Rc8 34.b3
Nc5 35.Rb2 Nd3 36.Rb1 Rc1+ 37.Rxc1 Nxc1 38.Bd1 Kc5 39.Kh2 Kd4 40.Bc2 Ne2 
41.g3 Kc3 42.Bd1 Kd2 0-1

[Event "VII Festival Magistrale"]
[Site "Montecatini Terme ITA"]
[Date "1998.08.01"]
[Round "1"]
[White "De Gleria, Francesco"]
[Black "Boillon, Vincent"]
[Result "1-0"]
[WhiteElo "2370"]
[BlackElo "2100"]
[PlyCount "49"]
[EventDate "1998.08.01"]

1.e4 e6 2.d4 d5 3.Nc3 dxe4 4.Nxe4 Be7 5.Nf3 Nd7 6.Bd3 Ngf6 7.c3 c5 8.O-O 
O-O 9.Nxc5 Bxc5 10.dxc5 Nxc5 11.Bc2 b6 12.Qe2 Qc7 13.Re1 Bb7 14.Ne5 a5 15.
Bf4 Qe7 16.Rad1 a4 17.Nc4 Nd5 18.Bg3 Qg5 19.Rd4 f5 20.Qe5 b5 21.Nd6 Ba6 
22.Rxd5 exd5 23.Qxd5+ Kh8 24.Nf7+ Rxf7 25.Qxa8+ 1-0

[Event "VII Festival Magistrale"]
[Site "Montecatini Terme ITA"]
[Date "1998.08.01"]
[Round "1"]
[White "De Kleuver, Esther"]
[Black "Pernigotti, Carlo"]
[Result "1-0"]
[WhiteElo "2220"]
[BlackElo "1903"]
[PlyCount "49"]
[EventDate "1998.08.01"]

1.e4 c5 2.c3 d5 3.exd5 Qxd5 4.d4 e6 5.Nf3 Nf6 6.Be3 cxd4 7.cxd4 Nc6 8.Nc3 
Qd8 9.a3 Be7 10.Bd3 O-O 11.O-O b6 12.Qe2 Bb7 13.Rad1 Rc8 14.Bb1 Qc7 15.
Rfe1 Rfd8 16.Bg5 Nd5 17.Qe4 g6 18.Qh4 h5 19.Nxd5 Rxd5 20.Ba2 Rf5 21.d5 
Bxg5 22.Nxg5 exd5 23.Bxd5 Nd8 24.Re8+ Kg7 25.Qd4+ 1-0

[Event "VII Festival Magistrale"]
[Site "Montecatini Terme ITA"]
[Date "1998.08.01"]
[Round "1"]
[White "De Santis, Alessio"]
[Black "Delmont, Jean-Robert"]
[Result "1/2-1/2"]
[WhiteElo "2350"]
[BlackElo "2055"]
[PlyCount "120"]
[EventDate "1998.08.01"]

1.d4 Nf6 2.c4 c5 3.d5 e6 4.Nc3 exd5 5.cxd5 d6 6.e4 g6 7.f4 Bg7 8.Bb5+ Nfd7
9.Nf3 O-O 10.O-O a6 11.Be2 b5 12.a4 b4 13.Nb1 a5 14.Nbd2 Ba6 15.Bxa6 Rxa6 
16.Nc4 Nb6 17.Qd3 Qd7 18.Nxb6 Rxb6 19.e5 Qc7 20.e6 fxe6 21.Ng5 c4 22.Qh3 
Bd4+ 23.Kh1 exd5 24.Ne6 Qd7 25.Nxd4 Qxh3 26.gxh3 Nd7 27.f5 Nc5 28.Bh6 Rf7 
29.Rae1 Ne4 30.Be3 c3 31.bxc3 bxc3 32.Rg1 Rb2 33.fxg6 Nf2+ 34.Bxf2 Rfxf2 
35.Re8+ Kg7 36.Re7+ Kf8 37.Rf7+ Rxf7 38.gxf7 Kxf7 39.Rf1+ Ke7 40.Rc1 Ra2 
41.Rxc3 Rxa4 42.Rc7+ Kf6 43.Nb5 Rh4 44.Kg2 Ke6 45.Rc6 Rb4 46.Nxd6 a4 47.
Nc4+ Kf5 48.Ne3+ Ke4 49.Re6+ Kd3 50.Nxd5 Rb2+ 51.Kg3 a3 52.Ra6 Kc4 53.Ne3+
Kb4 54.Nd5+ Kc4 55.Nf6 a2 56.Nxh7 Kb4 57.Kg4 Rxh2 58.Ng5 Kb3 59.h4 Kb2 60.
Rb6+ Kc2 1/2-1/2

[Event "VII Festival Magistrale"]
[Site "Montecatini Terme ITA"]
[Date "1998.08.01"]
[Round "1"]
[White "Drasko, Milan"]
[Black "Costantini, Roberto"]
[Result "1-0"]
[WhiteElo "2515"]
[BlackElo "2190"]
[PlyCount "97"]
[EventDate "1998.08.01"]

1.d4 d5 2.c4 e6 3.Nc3 Be7 4.cxd5 exd5 5.Bf4 Nf6 6.e3 O-O 7.Bd3 c5 8.Nge2 
Nc6 9.O-O Bg4 10.dxc5 Bxc5 11.Rc1 a6 12.Bg5 Be7 13.Bb1 Ne4 14.Bxe7 Nxe7 
15.h3 Nxc3 16.Rxc3 Bh5 17.Qc2 Bg6 18.Qb3 Bxb1 19.Rxb1 Qd7 20.Rd1 Rac8 21.
Rcd3 Rfd8 22.Nc3 Qc6 23.e4 d4 24.Rxd4 Rxd4 25.Rxd4 g6 26.Qb4 Qc7 27.Qd6 
Nc6 28.Qxc7 Rxc7 29.Rd5 Re7 30.f4 f6 31.Kf2 Kf7 32.Ke3 Ke6 33.g4 Re8 34.
Na4 Re7 35.Rd2 Rc7 36.Rc2 Ke7 37.Nb6 Kd6 38.Nd5 Rf7 39.a3 Ke6 40.b4 Rd7 
41.a4 Ne7 42.f5+ Kf7 43.Nf4 g5 44.Nd3 Nc6 45.Rc5 Re7 46.b5 axb5 47.axb5 
Na5 48.Rc8 Nc4+ 49.Rxc4 1-0